| 000 | 00380nam a2200157Ia 4500 | ||
|---|---|---|---|
| 008 | 230917s9999||||xx |||||||||||||| ||und|| | ||
| 040 |
_e15505 _aMAIN |
||
| 041 | _aEnglish | ||
| 082 | _a301.4315 R631A | ||
| 100 | _aRogers, Dorothy | ||
| 245 | 0 | _aAdolescents and youth | |
| 250 | _a4th ed. | ||
| 260 |
_aNew Jersy _bPrentice Hall _c1981 |
||
| 300 | _axix,471 p. | ||
| 942 | _cBK | ||
| 999 |
_c230043 _d230043 |
||